000
00461nam a2200145Ia 4500
008
100204s9999 xx 000 0 und d
082
_b
10939
100
_a
धोंड म. वा.
245
_a
मऱ्हाटी लावणी
260
_b
"मौज प्रकाशन , मुंबई"
_c
1988 2
300
_a
313
630
_a
मऱ्हाटी लावणी
730
_a
मऱ्हाटी लावणी
942
_c
BOOK
999
_c
455375
_d
455372